| 000 | 01649nam0a2200301 4500 | ||
|---|---|---|---|
| 001 | RU\NLR\BIBL_A\012023079 | ||
| 005 | 20190628084836.0 | ||
| 010 |
_a978-5-98686-089-3 _9300 |
||
| 021 |
_aRU _bКН-П-19-030813 _9КН-П-19-2301 |
||
| 035 | _a(NLR Aleph) 012023079 | ||
| 035 | _a(RuMoRGB)009964013 | ||
| 090 |
_a11511570 _c11511570 |
||
| 100 | _a20190527d2017 u y0rusy50 ca | ||
| 101 | 0 | _arus | |
| 102 | _aRU | ||
| 105 | _aah z 000zy | ||
| 200 | 1 |
_aОборона Петрозаводска _eсентябрь 1941 года _fИлья Герасев _g[Карельский региональный общественный фонд содействия увековечиванию памяти погибших при защите Отечества Эстафета поколений, Общероссийское общественное движение по увековечиванию памяти погибших при защите Отечества Поисковое движение России] |
|
| 210 |
_aПетрозаводск _cОстрова _d2017 |
||
| 215 |
_a131, [1] с. _cил., факс., цв. ил. _d21 |
||
| 320 | _aБиблиогр.: с. 131 и в подстроч. примеч. | ||
| 606 | 1 |
_aВеликая Отечественная война _yПетрозаводск, город (Карелия) _z1941 - 1945 _92404620 _3RU\NLR\AUTH\661433145 |
|
| 686 | 1 | _aЦ35(2)722(2Р-6Кар-2П) | |
| 700 | 1 |
_aГерасёв _bИ. Ю. _gИлья Юрьевич |
|
| 942 | _cBOOK | ||
| 980 | _aNBR | ||
| 980 | _aNB | ||